Movies Quiz

Random Movies Quiz

2001: A Space Odyssey: 1st 300 Words Quiz Stats

 Plays Quiz not verified by Sporcle

Score 0/300 Timer 10:00
1 Play Today
% Correct
the
97.1%
a
97.1%
a
97.1%
a
97.1%
the
97.1%
the
97.1%
and
97.1%
and
97.1%
and
97.1%
a
97.1%
a
97.1%
the
97.1%
A
97.1%
the
97.1%
the
97.1%
A
97.1%
the
97.1%
the
97.1%
the
97.1%
I
90.1%
I
90.1%
I
90.1%
I
90.1%
I
90.1%
you
82%
you
82%
you
82%
you
82%
you
82%
you?
82%
you?
82%
you.
82%
you
82%
you
82%
you
82%
you
82%
you.
82%
you
82%
you
82%
you.
82%
You
82%
you.
82%
you
82%
you
82%
you
82%
he
81.4%
We
73.8%
we
73.8%
we
73.8%
to
72.7%
to
72.7%
to
72.7%
to
72.7%
are
72.1%
are
72.1%
are
72.1%
R.
71.5%
go
68.6%
go
68.6%
in
68.6%
in
68.6%
in
68.6%
in
68.6%
in
68.6%
an
68%
on
65.7%
on
65.7%
for
65.1%
for
65.1%
Moon.
65.1%
for
65.1%
for
65.1%
have
64%
have
64%
have
64%
Have
64%
have
64%
No.
61%
be
59.9%
be
59.9%
be
59.9%
Here
59.3%
here
59.3%
is
59.3%
here
59.3%
is.
59.3%
here
59.3%
see
58.1%
see
58.1%
see
58.1%
It
58.1%
It
58.1%
it?
58.1%
see.
58.1%
of,
57.6%
of
57.6%
me.
56.4%
Good
55.8%
How
55.8%
good
55.8%
% Correct
Good.
55.8%
How
55.8%
your
55.2%
your
55.2%
your
55.2%
Your
55.2%
can
51.2%
can
51.2%
can
51.2%
Yes,
50.6%
Yes
50.6%
Floyd.
50.6%
Floyd,
50.6%
Thank
50%
Thank
50%
Thank
50%
Thank
50%
Thank
50%
time.
49.4%
hello
49.4%
Hello
49.4%
time
49.4%
Did
48.3%
Did
48.3%
that.
48.3%
Hi.
47.7%
well
46.5%
Well,
46.5%
When
46.5%
Well
46.5%
up
45.9%
Will
45.3%
or
44.8%
nice
43%
nice
43%
nice
43%
nice
43%
This
43%
Dr.
42.4%
long
41.9%
long
41.9%
sir.
40.7%
sir.
40.7%
flight
40.7%
sir?
40.7%
It's
40.7%
flight?
40.7%
flight
40.7%
It's,
40.7%
at
40.1%
at
40.1%
please.
39.5%
please.
39.5%
please
39.5%
please
39.5%
Very
39%
very
39%
very
39%
name -
39%
name
39%
were
39%
Heywood
38.4%
morning
37.8%
Morning.
37.8%
would
37.8%
him
36.6%
way
35.5%
seen
35.5%
Mr.
35.5%
way.
35.5%
back.
34.9%
haven't
34.9%
call
34.9%
I'm
34.9%
back.
34.9%
first,
34.9%
As
34.9%
again.
34.3%
think
34.3%
think
34.3%
Oh,
33.7%
may
33.7%
Oh,
33.7%
Oh,
33.7%
Oh
33.7%
Oh,
33.7%
last
33.7%
Last
33.7%
been
33.1%
been
33.1%
been
33.1%
has
32%
has
32%
shall
31.4%
got
31.4%
got?
31.4%
destination,
30.2%
Welcome
28.5%
American.
27.9%
pleasant
27.3%
% Correct
initial.
27.3%
station
26.7%
full
26.7%
surname
26.7%
through?
26.2%
Christian
26.2%
through
26.2%
hour
26.2%
thanks.
24.4%
you're
24.4%
Thanks.
24.4%
state
23.8%
I've
23.8%
nationality
23.3%
following
22.1%
order:
22.1%
voice
21.5%
voice
21.5%
leaves
20.3%
light
19.8%
cleared
19.2%
about
19.2%
about
19.2%
print
18.6%
identification.
18.6%
print
18.6%
identification
18.6%
fine.
18.6%
level
18%
That's
18%
Miss
18%
great.
17.4%
red
17.4%
quite
16.9%
Ok.
16.9%
meeting
16.3%
minutes.
16.3%
ten
15.7%
since
15.1%
yeah,
15.1%
Main
14.5%
security
14.5%
breakfast?
14.5%
year...
14.5%
Right,
14%
Ah,
14%
ah
14%
let's
14%
matter
13.4%
Suppose
13.4%
fact
12.8%
found
12.8%
found
12.8%
months
12.2%
months.
12.2%
Bye.
11.6%
Bye....
11.6%
Sorry
11.6%
alright.
11.6%
indeed.
11.6%
Bye.
11.6%
manage
11.6%
supposed
11%
late.
11%
seven
11%
eight
11%
eight
11%
saw
11%
looking
10.5%
hasn't
9.9%
Miller
9.3%
Miller.
9.3%
use
9.3%
restaurant.
8.7%
restaurant.
8.7%
table
8.1%
sweater
8.1%
sweater
8.1%
reserved
7.6%
blue
7.6%
blue
7.6%
number
7%
lady's
7%
claimed
7%
desk.
7%
lady's
7%
claimed
7%
desk.
7%
er,
5.8%
cashmere
5.8%
cashmere
5.8%
er,
5.8%
seventeen
4.1%
manager's
4.1%
manager's
4.1%
Gee
2.9%
Earthlight
2.9%
Mm.
2.9%
Turner.
2.3%
rooms.
2.3%

You're not logged in!

Compare scores with friends on all Sporcle quizzes.
OR
Log In

Show Comments

Extras

Top Quizzes Today


Score Distribution

Your Account Isn't Verified!

In order to create a playlist on Sporcle, you need to verify the email address you used during registration. Go to your Sporcle Settings to finish the process.

Report this User

Report this user for behavior that violates our Community Guidelines.

Details: